Statistics for All Countries rated with "Very High" HDI

Click here to take the quiz!

General Stats

  • This quiz has been taken 116 times
    (54 since last reset)
  • The average score is 55 of 65

Answer Stats

HDICountry% Correct
0.935Finland
100%
0.901France
100%
0.957Norway
100%
0.908Spain
100%
0.945Sweden
100%
0.955Switzerland
100%
0.929Canada
97%
0.905Czech Republic
97%
0.949Iceland
97%
0.955Ireland
97%
0.880Poland
97%
0.860Portugal
97%
0.917South Korea
97%
0.932United Kingdom
97%
0.944Australia
94%
0.926Austria
94%
0.931Belgium
94%
0.942Denmark
94%
0.893Estonia
94%
0.888Greece
94%
0.920Japan
94%
0.882Lithuania
94%
0.916Luxembourg
94%
0.944Netherlands
94%
0.932New Zealand
94%
0.845Qatar
94%
0.864Slovakia
94%
0.890United Arab Emirates
94%
0.868Andorra
92%
0.947Germany
92%
0.852Hungary
92%
0.865Latvia
92%
0.828Romania
92%
0.919Israel
89%
0.892Italy
89%
0.852Saudi Arabia
89%
0.938Singapore
89%
0.922United States
89%
0.848Argentina
86%
0.816Bulgaria
86%
0.850Croatia
86%
0.919Liechtenstein
86%
0.854Chile
83%
0.887Cyprus
83%
0.820Turkey
83%
0.851Bahrain
81%
0.806Kuwait
81%
0.824Russia
81%
0.895Malta
78%
0.814Oman
75%
0.810Serbia
75%
0.830Uruguay
75%
0.838Brunei
72%
0.815Bahamas
67%
0.812Georgia
67%
0.828Montenegro
67%
0.815Panama
67%
0.822Belarus
64%
0.810Malaysia
64%
0.815Costa Rica
61%
0.825Kazakhstan
53%
0.806Mauritius
53%
0.814Barbados
39%
0.801Trinidad and Tobago
33%
0.826Palau
19%

Score Distribution

Percentile by Number Answered

Percent of People with Each Score

Your Score History

You have not taken this quiz since the last reset